<?xml version="1.0" encoding="UTF-8"?>
<collection xmlns:xsi="http://www.w3.org/2001/XMLSchema-instance" xsi:schemaLocation="http://www.loc.gov/MARC21/slim http://www.loc.gov/standards/marcxml/schema/MARC21slim.xsd" xmlns="http://www.loc.gov/MARC21/slim">
 <record>
  <leader>00000cab a22000004cb4500</leader>
  <controlfield tag="001">IPP-00000158741</controlfield>
  <controlfield tag="003">IPP</controlfield>
  <controlfield tag="005">20221123151111.0</controlfield>
  <controlfield tag="008">221123s2014    xx     d | ||r |||||eng||</controlfield>
  <datafield tag="041" ind1="#" ind2="#">
   <subfield code="a">eng</subfield>
  </datafield>
  <datafield tag="041" ind1="#" ind2="#">
   <subfield code="a">fil</subfield>
  </datafield>
  <datafield tag="100" ind1="1" ind2="#">
   <subfield code="a">Mirano, Elena Rivera</subfield>
  </datafield>
  <datafield tag="245" ind1="1" ind2="0">
   <subfield code="a">Felipe Padilla de Leon</subfield>
   <subfield code="b">memories of my father : an interview with Felipe de Leon, Jr</subfield>
  </datafield>
  <datafield tag="264" ind1="#" ind2="1">
   <subfield code="c">2014</subfield>
  </datafield>
  <datafield tag="520" ind1="#" ind2="#">
   <subfield code="a">Felipe Padilla de Leon was arguably the most politically involved composer of the 20th century. This interview with the composer's eldest son and close associate, Felipe de Leon, Jr., Professor of Humanities and Art Studies and now head of the National Commission for culture and the Arts, gives us intimate insights into the personal history of the composer, the world that he lived in, the major influences on his life and work, and his perception of his role in the shaping of the world he inhabited.</subfield>
  </datafield>
  <datafield tag="650" ind1="1" ind2="0">
   <subfield code="a">De Leon, Felipe Padilla, 1912-1992</subfield>
  </datafield>
  <datafield tag="650" ind1="2" ind2="0">
   <subfield code="a">De Leon, Felipe M. Jr.</subfield>
   <subfield code="x">Interviews</subfield>
  </datafield>
  <datafield tag="650" ind1="2" ind2="0">
   <subfield code="a">Nationalism in music</subfield>
  </datafield>
  <datafield tag="650" ind1="2" ind2="0">
   <subfield code="a">Modernism (Music)</subfield>
  </datafield>
  <datafield tag="773" ind1="0" ind2="#">
   <subfield code="t">Musika Jornal</subfield>
   <subfield code="g">Vol. 10 (2014), 61-85</subfield>
  </datafield>
  <datafield tag="852" ind1="#" ind2="#">
   <subfield code="a">UPD</subfield>
   <subfield code="b">DMUE</subfield>
  </datafield>
  <datafield tag="942" ind1="#" ind2="#">
   <subfield code="a">Article</subfield>
  </datafield>
  <datafield tag="950" ind1="#" ind2="#">
   <subfield code="a">FI</subfield>
  </datafield>
 </record>
</collection>
